000 00791cab a2200241 4500
001 WB3512-19
008 090401t1999 xxu||||| |||| 00| 0 eng d
035 _a(Sirsi) u92302
041 _aeng
245 _aEurosceptics, look no further
260 _c1999
350 _a0
490 _aWeekend Financial Times
_v20/21 March 1999, 6(1)
520 _aDiscusses the advantages and disadvantages of the Nationwide's European tracker mortgage, which is linked to the low interest rates in the Euro-zone but allows repayments in sterling.
650 _aEUROPEAN TRACKER MORTGAGE
650 _aEUROZONE
650 _aFOREIGN CURRENCY LOANS
650 _aMORTGAGES
650 _aNATIONWIDE
690 _aPROPERTY-PROPERTY FINANCE AND INVESTMENT
942 _n0
948 _c23/03/1999
999 _c58525
_d58525